Cơ cấu tổ chức của liên hợp quốc = United nations handbook 2000 Ministry of Foreign affairs and trade

محفوظ في:
التفاصيل البيبلوغرافية
المؤلف الرئيسي: Cơ cấu tổ chức của liên hợp quốc
التنسيق: كتاب
اللغة:Undetermined
منشور في: CTQG 2001
الوسوم: إضافة وسم
لا توجد وسوم, كن أول من يضع وسما على هذه التسجيلة!
Thư viện lưu trữ: Trung tâm Học liệu Trường Đại học Cần Thơ
LEADER 00617nam a2200157Ia 4500
001 CTU_46869
008 210402s9999 xx 000 0 und d
082 |a 352.113 
082 |b C460 
100 |a Cơ cấu tổ chức của liên hợp quốc 
245 0 |a Cơ cấu tổ chức của liên hợp quốc 
245 0 |b = United nations handbook 2000 Ministry of Foreign affairs and trade 
245 0 |c Cơ cấu tổ chức của liên hợp quốc; Dịch giả: Trần Thanh Hải 
260 |b CTQG 
260 |c 2001 
980 |a Trung tâm Học liệu Trường Đại học Cần Thơ